Diseño de una subestación eléctrica en el municipio de Santo Domingo, Chontales para el año: 2012

Propone el diseño de una subestación eléctrica donde se desarrollaran los métodos y cálculos de localización, apoyada de información brindada por el departamento de ingeniería y proyectos de ENATREL.

Bibliographic Details
Main Author: Mejía García, Francisco Adolfo
Other Authors: Tutor: Guillén Navarrete, Héctor Reynaldo
Format: Tesis Section = Libro
Language:Undetermined
Spanish
Published: Managua UNI 2012
Subjects:
LEADER 01064nam a2200253Ia 4500
008 240830s9999 xx 000 0 und d
040 |a BIBLIOTECA-RUSB/ T.Mon 621.3121 M516 
041 |a spa 
082 |a T.Mon 621.3121 M516 
100 1 |a Mejía García, Francisco Adolfo 
245 1 0 |a Diseño de una subestación eléctrica en el municipio de Santo Domingo, Chontales para el año: 2012 
260 |a Managua  |b UNI  |c 2012 
300 |a 74 p. :il. 
500 |a Contiene: anexos, tablas y planos. 
502 |a Tesis (Ingeniero Eléctrico) - UNI, 2012. 
520 3 |a Propone el diseño de una subestación eléctrica donde se desarrollaran los métodos y cálculos de localización, apoyada de información brindada por el departamento de ingeniería y proyectos de ENATREL. 
650 7 |a SUBESTACION ELECTRICA 
650 7 |b  ENERGIA ELECTRICA 
650 7 |c  CONSUMO DE ENERGIA ELECTRICA 
650 7 |d  INSTALACION DE ENERGIA ELETRICA 
700 1 |a Tutor:  |b Guillén Navarrete, Héctor Reynaldo 
942 |c BK  |2 ddc 
991 |a TESIS 
999 |c 21819